[Event "BL2-West 0506"]
[Site "Germany"]
[Date "2005.10.23"]
[Round "1.8"]
[White "Parulava, Temur"]
[Black "Kocur, Alois"]
[Result "1/2-1/2"]
[WhiteElo "2288"]
[BlackElo "2292"]
[PlyCount "82"]
[EventDate "2005.10.23"]
[EventType "team-tourn"]
[EventRounds "9"]
[EventCountry "GER"]
[SourceTitle "EXT 2007"]
[Source "ChessBase"]
[SourceDate "2006.11.23"]
[SourceVersion "1"]
[SourceVersionDate "2006.11.23"]
[SourceQuality "1"]
[WhiteTeam "Remagen"]
[BlackTeam "Solingen II"]
[WhiteTeamCountry "GER"]
[BlackTeamCountry "GER"]

1. d4 Nf6 2. c4 g6 3. Nc3 Bg7 4. e4 0-0 5. h3 c6 6. Be2 d5 7. e5 Ne4 8. Nf3 Qa5 9. Qb3 dxc4 10. Bxc4 b5 11. Bd3 Be6 12. Qc2 Nxc3 13. bxc3 Nd7 14. 0-0 Nb6 15. Ng5 Bd5 16. f4 e6 17. h4 Qa4 18. Qe2 Bc4 19. h5 Nd5 20. Ne4 Bxd3 21. Qxd3 Qc4 22. Qh3 Qe2 23. hxg6 hxg6 24. Ng5 Rfe8 25. Ba3 Qe3+ 26. Qxe3 Nxe3 27. Rf2 a5 28. Ne4 Nd5 29. Bd6 Bf8 30. Rc1 Bxd6 31. Nxd6 Reb8 32. g4 Ne3 33. f5 Nxg4 34. fxe6 Nxf2 35. exf7+ Kg7 36. Kxf2 Rd8 37. Ke3 Rxd6 38. exd6 Kxf7 39. c4 bxc4 40. Rxc4 Ra6 41. Rc5 Ke6 1/2-1/2

[Event "BL2-West 0405"]
[Site "Germany"]
[Date "2005.03.13"]
[Round "8.8"]
[White "Korotkjevich, Stanislav"]
[Black "Parulava, Temur"]
[Result "1/2-1/2"]
[WhiteElo "2341"]
[BlackElo "2290"]
[PlyCount "72"]
[EventDate "2004.10.13"]
[EventType "team-tourn"]
[EventRounds "9"]
[EventCountry "GER"]
[SourceTitle "EXT 2006"]
[Source "ChessBase"]
[SourceDate "2005.11.24"]
[SourceVersion "1"]
[SourceVersionDate "2005.11.24"]
[SourceQuality "1"]
[WhiteTeam "Koeln Porz II"]
[BlackTeam "Remagen"]
[WhiteTeamCountry "GER"]
[BlackTeamCountry "GER"]

1. d4 Nf6 2. Nf3 e6 3. c4 b6 4. a3 Bb7 5. Nc3 d5 6. cxd5 exd5 7. Bg5 Be7 8. e3 0-0 9. Bd3 Ne4 10. Bxe7 Qxe7 11. Qc2 Nd7 12. 0-0 g6 13. Rac1 c5 14. dxc5 bxc5 15. Qe2 Rfe8 16. Bxe4 dxe4 17. Nd2 Qe6 18. Qc4 Qf5 19. Ne2 a5 20. Ng3 Qe6 21. Qxe6 Rxe6 22. Rfd1 Nf6 23. Nb3 Rb6 24. Nxc5 Rxb2 25. h3 Kg7 26. Rc3 h6 27. Na4 Ra2 28. Nb6 Ra6 29. Nd7 h5 30. Nf1 Nxd7 31. Rxd7 Rf6 32. Rd2 Ra1 33. Rd4 Ba6 34. Rd1 Ra2 35. Rc2 Ra1 36. Rcc1 Ra2 1/2-1/2

[Event "BL2-West 0405"]
[Site "Germany"]
[Date "2005.02.13"]
[Round "7.8"]
[White "Parulava, Temur"]
[Black "Hogenacker, Jacques"]
[Result "1/2-1/2"]
[WhiteElo "2290"]
[BlackElo "2280"]
[PlyCount "29"]
[EventDate "2004.10.13"]
[EventType "team-tourn"]
[EventRounds "9"]
[EventCountry "GER"]
[SourceTitle "EXT 2006"]
[Source "ChessBase"]
[SourceDate "2005.11.24"]
[SourceVersion "1"]
[SourceVersionDate "2005.11.24"]
[SourceQuality "1"]
[WhiteTeam "Remagen"]
[BlackTeam "Koeln SF"]
[WhiteTeamCountry "GER"]
[BlackTeamCountry "GER"]

1. d4 d6 2. e4 Nf6 3. Nc3 Nbd7 4. Nf3 e5 5. Bg5 Be7 6. Bc4 c6 7. dxe5 Nxe5 8. Nxe5 dxe5 9. Qxd8+ Bxd8 10. a4 h6 11. Be3 Bb6 12. Bxb6 axb6 13. Ke2 Ke7 14. Rhd1 Be6 15. Bxe6 1/2-1/2

[Event "Oberliga Sued W 0102"]
[Site "Germany"]
[Date "2002.02.03"]
[Round "?"]
[White "Schumacher, Olaf"]
[Black "Parulava, Temur"]
[Result "0-1"]
[WhiteElo "2263"]
[BlackElo "2296"]
[PlyCount "96"]
[EventDate "2001.10.09"]
[EventType "team"]
[EventRounds "9"]
[EventCountry "GER"]
[SourceTitle "EXT 2003"]
[Source "ChessBase"]
[SourceDate "2002.11.25"]
[SourceVersion "1"]
[SourceVersionDate "2002.11.25"]
[SourceQuality "1"]

1. d4 Nf6 2. c4 e6 3. Nc3 Bb4 4. e3 b6 5. Nge2 Ba6 6. a3 Be7 7. Ng3 d5 8. b3 0-0 9. Be2 c6 10. 0-0 Nbd7 11. Bb2 Ne8 12. cxd5 Bxe2 13. Qxe2 cxd5 14. f3 Bd6 15. e4 Qh4 16. Qf2 Nef6 17. Rfe1 dxe4 18. Ncxe4 Nxe4 19. fxe4 Bxg3 20. Qxg3 Qxg3 21. hxg3 Rfd8 22. Kf2 b5 23. a4 bxa4 24. Rxa4 Rdb8 25. Re3 Rb7 26. Ba3 h5 27. Bc5 e5 28. b4 exd4 29. Bxd4 Nb6 30. Bxb6 Rxb6 31. Rea3 Rab8 32. Rxa7 Rxb4 33. Kf3 R8b6 34. R7a6 g6 35. Rxb6 Rxb6 36. Ra7 Rb2 37. Rd7 Ra2 38. Rb7 Kg7 39. e5 Kg8 40. Rc7 Ra4 41. Rb7 Ra1 42. Rc7 Rf1+ 43. Ke2 Rf5 44. Rc8+ Kh7 45. Re8 Kh6 46. e6 Re5+ 47. Kf2 fxe6 48. Re7 Kg5 0-1

[Event "RLP-chT 9899"]
[Site "Germany"]
[Date "1998.10.18"]
[Round "2.3"]
[White "Reinhard, Marcus"]
[Black "Parulava, Temur"]
[Result "1/2-1/2"]
[WhiteElo "2150"]
[BlackElo "2275"]
[PlyCount "111"]
[EventDate "1998.??.??"]
[EventType "team"]
[EventRounds "9"]
[EventCountry "GER"]
[SourceTitle "EXT 2001"]
[Source "ChessBase"]
[SourceDate "2000.11.22"]
[SourceVersion "1"]
[SourceVersionDate "2000.11.22"]
[SourceQuality "1"]

1. e4 c5 2. Nf3 d6 3. d4 cxd4 4. Qxd4 Nc6 5. Bb5 Bd7 6. Bxc6 bxc6 7. 0-0 Qb6 8. Qd3 e6 9. c4 Be7 10. Nc3 Qc7 11. Bf4 e5 12. Bg3 Bg4 13. c5 Bxf3 14. Qxf3 dxc5 15. Qf5 Bd6 16. Rfd1 Ne7 17. Qg5 Ng6 18. Rac1 0-0 19. Na4 Rfb8 20. b3 Rb5 21. Qd2 Be7 22. Qd7 Rc8 23. Qxc7 Rxc7 24. Kf1 f6 25. Ke2 Kf7 26. Rc4 Nf8 27. f3 Rb4 28. Rdc1 Ne6 29. Bf2 Nf4+ 30. Kf1 Nd3 31. R1c3 Rxc4 32. Rxc4 Nxf2 33. Kxf2 Rd7 34. Ke2 Rd4 35. Nb2 Rxc4 36. Nxc4 Ke6 37. Kd3 Bd8 38. Ne3 g6 39. Kc4 Kd6 40. Nd1 Ba5 41. Nb2 Bd2 42. Kd3 Be1 43. Nc4+ Ke6 44. Ke2 Bc3 45. Ke3 f5 46. Kd3 Be1 47. Nb2 Bf2 48. Kc4 Bd4 49. Nd3 Kd6 50. h3 f4 51. a3 Be3 52. b4 cxb4 53. axb4 Bd4 54. Nxf4 c5 55. bxc5+ Bxc5 56. Nd3 1/2-1/2

[Event "CERA Bank op"]
[Site "Netherlands"]
[Date "1998.??.??"]
[Round "?"]
[White "Parulava, Temur"]
[Black "Tonoli, Jose"]
[Result "1-0"]
[WhiteElo "2275"]
[BlackElo "2145"]
[PlyCount "94"]
[EventDate "1998.??.??"]
[EventType "swiss"]
[EventRounds "9"]
[EventCountry "NED"]
[SourceTitle "EXT 1999"]
[Source "ChessBase"]
[SourceDate "1998.11.16"]
[SourceVersion "1"]
[SourceVersionDate "1998.11.16"]
[SourceQuality "1"]

1. d4 Nf6 2. c4 g6 3. Nc3 d5 4. cxd5 Nxd5 5. e4 Nxc3 6. bxc3 Bg7 7. Qa4+ Bd7 8. Qa3 0-0 9. Nf3 b6 10. Be2 Bc6 11. d5 Bb7 12. Be3 c5 13. 0-0 Nd7 14. Rab1 Qc7 15. c4 Rfb8 16. Qc1 Ne5 17. Bf4 Nxf3+ 18. Bxf3 Be5 19. Bxe5 Qxe5 20. Qb2 f6 21. Qxe5 fxe5 22. Bg4 Kg7 23. Rb3 Rf8 24. a4 Rf4 25. f3 Ba6 26. Rc1 h5 27. Bf5 Rf8 28. g3 R8xf5 29. exf5 Rxc4 30. Rxc4 Bxc4 31. Re3 Kf6 32. fxg6 Bxd5 33. g7 Kxg7 34. Rxe5 e6 35. f4 a6 36. Rxh5 c4 37. Kf2 b5 38. axb5 axb5 39. Ke3 c3 40. Kd3 b4 41. Re5 Kf6 42. g4 Ke7 43. h4 Bf3 44. g5 Bg4 45. Rb5 Bf5+ 46. Ke3 Kf7 47. Rxb4 Bg6 1-0

[Event "GER-ch U20"]
[Site "Leipzig"]
[Date "1995.??.??"]
[Round "4"]
[White "Hausrath, Daniel"]
[Black "Parulava, Temur"]
[Result "1/2-1/2"]
[WhiteElo "2370"]
[BlackElo "2285"]
[PlyCount "61"]
[EventDate "1995.09.??"]
[EventType "tourn"]
[EventRounds "9"]
[EventCountry "GER"]
[EventCategory "2"]
[SourceTitle "EXT 1997"]
[Source "ChessBase"]
[SourceDate "1996.11.15"]
[SourceVersion "1"]
[SourceVersionDate "1996.11.15"]
[SourceQuality "1"]

1. Nf3 g6 2. c4 Bg7 3. e4 c5 4. d4 Nc6 5. dxc5 Nf6 6. Nc3 Qa5 7. Bd2 Qxc5 8. Be2 0-0 9. 0-0 Ne5 10. Rc1 d6 11. b4 Nxf3+ 12. Bxf3 Qc7 13. Bf4 a5 14. a3 axb4 15. axb4 Qb6 16. Qb3 Bd7 17. Rfd1 Bg4 18. Be3 Qa6 19. Bxg4 Nxg4 20. Nd5 e6 21. Nc7 Qa4 22. Qxa4 Rxa4 23. Bf4 Be5 24. Bxe5 Nxe5 25. c5 dxc5 26. Rxc5 Nd3 27. Rb5 Nxb4 28. Rxb7 Nc6 29. f3 Ra7 30. Rxa7 Nxa7 31. Ra1 1/2-1/2

[Event "Oberliga Sued W 9596"]
[Site "Germany"]
[Date "1995.??.??"]
[Round "?"]
[White "Lisanti, Andre"]
[Black "Parulava, Temur"]
[Result "1-0"]
[WhiteElo "2305"]
[BlackElo "2290"]
[PlyCount "64"]
[EventDate "1995.10.??"]
[EventType "team"]
[EventRounds "9"]
[EventCountry "GER"]
[SourceTitle "EXT 2000"]
[Source "ChessBase"]
[SourceDate "1999.11.16"]
[SourceVersion "1"]
[SourceVersionDate "1999.11.16"]
[SourceQuality "1"]

1. d4 Nf6 2. Nf3 e6 3. c4 b6 4. g3 Bb7 5. Bg2 Be7 6. 0-0 0-0 7. d5 exd5 8. Nh4 c6 9. cxd5 Nxd5 10. Nf5 Nc7 11. Bf4 d5 12. e4 Ne6 13. Qg4 Nd7 14. exd5 Nf6 15. Nh6+ Kh8 16. Nxf7+ Rxf7 17. Qxe6 Qg8 18. dxc6 Bc8 19. Qb3 Ba6 20. Re1 Bc5 21. Nc3 Qf8 22. Ne4 Nxe4 23. Rxe4 Rc8 24. Rae1 h6 25. h4 Kh7 26. Ra4 Bxf2+ 27. Kxf2 Qc5+ 28. Re3 Rd8 29. Be4+ Kh8 30. Qxf7 Qb5 31. Rxa6 Qxa6 32. Bd3 Qc8 1-0

[Event "GER-ch U20 qual3"]
[Site "Germany"]
[Date "1995.??.??"]
[Round "4"]
[White "Naumann, Alexander"]
[Black "Parulava, Temur"]
[Result "1-0"]
[WhiteElo "2320"]
[BlackElo "2290"]
[PlyCount "120"]
[EventDate "1995.??.??"]
[EventType "tourn"]
[EventRounds "7"]
[EventCountry "GER"]
[SourceTitle "EXT 2000"]
[Source "ChessBase"]
[SourceDate "1999.11.16"]
[SourceVersion "1"]
[SourceVersionDate "1999.11.16"]
[SourceQuality "1"]

1. d4 Nf6 2. Nf3 e6 3. c4 b6 4. a3 Bb7 5. Nc3 d5 6. Qc2 Be7 7. cxd5 exd5 8. g3 c5 9. Bg2 Nc6 10. 0-0 c4 11. Rd1 0-0 12. Ne5 Na5 13. Rb1 a6 14. Bg5 b5 15. Bxf6 Bxf6 16. Ng4 Bg5 17. f4 Bf6 18. Nxf6+ Qxf6 19. Bxd5 Rad8 20. e4 Bc8 21. f5 Nb3 22. Qf2 Kh8 23. g4 g6 24. Ne2 gxf5 25. gxf5 Rg8+ 26. Ng3 Rg5 27. Kh1 h5 28. Qf4 Qg7 29. f6 Qh6 30. h4 Rg6 31. Qxh6+ Rxh6 32. Rg1 Nxd4 33. Bxf7 Rxf6 34. Rbf1 Rxf1 35. Rxf1 Bg4 36. Bxh5 Bxh5 37. Nxh5 Re8 38. Nf6 Re6 39. e5 Kg7 40. Ng4 Kg6 41. Kg2 a5 42. Rd1 Nf5 43. Kf3 Nxh4+ 44. Ke4 Re7 45. Ne3 Rb7 46. Rg1+ Kh5 47. Rg3 c3 48. bxc3 b4 49. axb4 axb4 50. c4 b3 51. Rg1 Ng6 52. Nd5 b2 53. Rb1 Kh6 54. c5 Rb8 55. e6 Re8 56. e7 Nxe7 57. Nxe7 Rxe7+ 58. Kd5 Re2 59. c6 Kg6 60. c7 Rc2 1-0

[Event "Oberliga Wuerttemberg 9495"]
[Site "Wuerttemberg"]
[Date "1995.??.??"]
[Round "?"]
[White "Parulava, Temur"]
[Black "Fochtler, Ekkehard"]
[Result "1-0"]
[WhiteElo "2300"]
[BlackElo "2280"]
[PlyCount "69"]
[EventDate "1994.10.??"]
[EventType "team"]
[EventRounds "9"]
[EventCountry "GER"]
[SourceTitle "GER"]
[Source "ChessBase"]
[SourceDate "1999.07.01"]
[SourceVersion "1"]
[SourceVersionDate "1999.07.01"]
[SourceQuality "1"]

1. d4 d5 2. c4 dxc4 3. Nf3 Nf6 4. e3 Bg4 5. Bxc4 e6 6. Nc3 Nbd7 7. h3 Bh5 8. 0-0 Bd6 9. Be2 Bg6 10. Nd2 0-0 11. Bf3 Rb8 12. e4 e5 13. d5 Nc5 14. Qe2 Qe8 15. Nc4 Na4 16. Nxd6 Nxc3 17. Nxe8 Nxe2+ 18. Bxe2 Nxe8 19. f3 f5 20. exf5 Bxf5 21. Be3 b6 22. Rac1 Bd7 23. Bf2 Rf4 24. Bg3 Rb4 25. Bxe5 Bb5 26. Bxb5 Rxb5 27. Bxc7 Nxc7 28. Rxc7 Rxb2 29. Re1 Rxa2 30. Ree7 Ra5 31. Rxg7+ Kh8 32. Rxh7+ Kg8 33. h4 b5 34. h5 Rb6 35. Rhd7 1-0

[Event "GER-ch U20"]
[Site "Leipzig"]
[Date "1995.??.??"]
[Round "5"]
[White "Parulava, Temur"]
[Black "Hetey, Laszlo"]
[Result "1/2-1/2"]
[WhiteElo "2285"]
[BlackElo "2290"]
[PlyCount "91"]
[EventDate "1995.09.??"]
[EventType "tourn"]
[EventRounds "9"]
[EventCountry "GER"]
[EventCategory "2"]
[SourceTitle "EXT 1997"]
[Source "ChessBase"]
[SourceDate "1996.11.15"]
[SourceVersion "1"]
[SourceVersionDate "1996.11.15"]
[SourceQuality "1"]

1. d4 d5 2. c4 c6 3. Nf3 Nf6 4. Nc3 dxc4 5. a4 Bf5 6. e3 e6 7. Bxc4 Bb4 8. 0-0 0-0 9. Nh4 Bg4 10. f3 Bh5 11. g4 Bg6 12. Nxg6 hxg6 13. e4 Nbd7 14. Kg2 a6 15. h4 b5 16. Bb3 c5 17. axb5 Bxc3 18. bxc3 axb5 19. Bf4 Qe7 20. Qd2 e5 21. dxe5 Nxe5 22. Bd5 Rxa1 23. Rxa1 Nxd5 24. Qxd5 Nc4 25. Qc6 Ne5 26. Qd5 Nc4 27. Bg5 Qc7 28. Ra6 Rc8 29. h5 gxh5 30. gxh5 Qe5 31. Qxe5 Nxe5 32. Rb6 f6 33. Bf4 Nd3 34. Bd2 b4 35. cxb4 cxb4 36. Bxb4 Nxb4 37. Rxb4 Rc5 38. h6 gxh6 39. Rb7 f5 40. Kg3 fxe4 41. fxe4 h5 42. Kf4 h4 43. Kg4 Rc4 44. Kf5 h3 45. Rb2 Kf7 46. Re2 1/2-1/2

[Event "GER-ch U20"]
[Site "Leipzig"]
[Date "1995.??.??"]
[Round "9"]
[White "Parulava, Temur"]
[Black "Jugelt, Tobias"]
[Result "0-1"]
[WhiteElo "2285"]
[BlackElo "2280"]
[PlyCount "118"]
[EventDate "1995.09.??"]
[EventType "tourn"]
[EventRounds "9"]
[EventCountry "GER"]
[EventCategory "2"]
[SourceTitle "EXT 1997"]
[Source "ChessBase"]
[SourceDate "1996.11.15"]
[SourceVersion "1"]
[SourceVersionDate "1996.11.15"]
[SourceQuality "1"]

1. d4 g6 2. c4 Bg7 3. Nc3 d6 4. e4 Nf6 5. Nf3 0-0 6. Be2 e5 7. d5 a5 8. h3 Nh5 9. g3 Na6 10. Be3 Bd7 11. Nd2 Nf6 12. g4 Nc5 13. Qc2 Ne8 14. 0-0-0 c6 15. Nb3 Nxb3+ 16. Qxb3 Qc7 17. c5 a4 18. Nxa4 Rxa4 19. Qxa4 cxd5 20. Qc2 d4 21. Bg5 f6 22. Bd2 dxc5 23. Bc4+ Kh8 24. f4 exf4 25. Rdf1 g5 26. h4 Qe5 27. Ba5 h6 28. Bd5 Nd6 29. Bc7 Rc8 30. Bxd6 Qxd6 31. Bxb7 Rb8 32. Bd5 Qe5 33. Rf3 Bxg4 34. Rb3 Rxb3 35. Qxb3 f3 36. Qb7 Be6 37. a4 g4 38. Bxe6 Qxe6 39. b3 Kh7 40. Rf1 f5 41. exf5 Qxf5 42. a5 d3 43. Rf2 Qe5 44. Kd1 Qa1+ 45. Kd2 Qxa5+ 46. Ke3 Qe1+ 47. Kf4 Qe6 48. Rd2 h5 49. Qe4+ Qxe4+ 50. Kxe4 Bc3 51. Rd1 d2 52. Kd3 Bb4 53. Ke3 Kg6 54. Rf1 Kf5 55. Rd1 Bc3 56. Rf1 Ke5 57. Rd1 Bd4+ 58. Kxd2 g3 59. Re1+ Kf4 0-1

[Event "Bodensee-Cup 1st"]
[Site "Germany"]
[Date "1995.??.??"]
[Round "?"]
[White "Parulava, Temur"]
[Black "Moor, Roger"]
[Result "0-1"]
[WhiteElo "2290"]
[BlackElo "2105"]
[PlyCount "108"]
[EventDate "1995.??.??"]
[EventType "team-tourn"]
[EventRounds "3"]
[EventCountry "GER"]
[SourceTitle "EXT 1999"]
[Source "ChessBase"]
[SourceDate "1998.11.16"]
[SourceVersion "1"]
[SourceVersionDate "1998.11.16"]
[SourceQuality "1"]
[WhiteTeam "Wuerttemberg"]
[BlackTeam "Switzerland"]
[WhiteTeamCountry "GER"]
[BlackTeamCountry "SUI"]

1. d4 f5 2. Bg5 c6 3. e3 Qb6 4. Bd3 Nf6 5. Nd2 d5 6. Bxf6 exf6 7. c4 Qa5 8. Qb3 Bb4 9. Ngf3 0-0 10. cxd5 cxd5 11. a3 Nc6 12. Rc1 Bd6 13. 0-0 Rf7 14. Bb5 Ne7 15. Nc4 Qd8 16. Nxd6 Qxd6 17. Rc5 Be6 18. Rfc1 f4 19. Re1 Ng6 20. Qb4 Rd8 21. e4 b6 22. Rc6 Qxb4 23. axb4 dxe4 24. Rxe6 exf3 25. Re8+ Rf8 26. Bc4+ Kh8 27. Rxf8+ Nxf8 28. gxf3 g5 29. Rd1 Ng6 30. Be6 Rd6 31. d5 Nf8 32. Bf5 h5 33. Be4 Kg7 34. Rc1 Kf7 35. Kf1 Ke7 36. Ra1 Rd7 37. Ke2 Kd6 38. Rc1 Rc7 39. Rc3 Nd7 40. Kd3 Ne5+ 41. Kd4 Rxc3 42. bxc3 b5 43. h3 a6 44. Bf5 Nxf3+ 45. Ke4 Nd2+ 46. Kd3 Nc4 47. Kd4 Ne5 48. Ke4 Kc7 49. Be6 f3 50. Kf5 g4 51. hxg4 Nxg4 52. Bf7 Nh6+ 53. Kxf6 Nxf7 54. Kxf7 Kd6 0-1

[Event "DLM U20"]
[Site "Binz"]
[Date "1995.??.??"]
[Round "1"]
[White "Proehl, Holger"]
[Black "Parulava, Temur"]
[Result "1/2-1/2"]
[WhiteElo "2365"]
[BlackElo "2285"]
[PlyCount "67"]
[EventDate "1995.11.??"]
[EventType "team-swiss"]
[EventRounds "7"]
[EventCountry "GER"]
[SourceTitle "Juniors"]
[Source "ChessBase"]
[SourceDate "1999.07.01"]
[SourceVersion "1"]
[SourceVersionDate "1999.07.01"]
[SourceQuality "1"]

1. e4 c5 2. Nf3 d6 3. d4 cxd4 4. Nxd4 Nf6 5. Nc3 Nc6 6. Nb3 g6 7. Be2 Bg7 8. 0-0 0-0 9. Kh1 a6 10. f4 Be6 11. Bf3 Rc8 12. Be3 Nd7 13. Nd4 Bc4 14. Re1 Qa5 15. Bg4 Rcd8 16. Nb3 Qc7 17. Nd5 Bxd5 18. exd5 Na5 19. Nxa5 Qxa5 20. Bd4 Bxd4 21. Qxd4 Nf6 22. Bf3 Rfe8 23. b4 Qa4 24. c3 Rc8 25. Bd1 Qa3 26. Bb3 a5 27. Rac1 axb4 28. Qxb4 Qxb4 29. cxb4 Ne4 30. Rc2 Rxc2 31. Bxc2 Nf6 32. Bb3 Rc8 33. g3 Kf8 34. Kg1 1/2-1/2

[Event "Oberliga Wuerttemberg 9495"]
[Site "Wuerttemberg"]
[Date "1995.??.??"]
[Round "?"]
[White "Roth, Juergen Eugen"]
[Black "Parulava, Temur"]
[Result "1-0"]
[WhiteElo "2235"]
[BlackElo "2300"]
[PlyCount "101"]
[EventDate "1994.10.??"]
[EventType "team"]
[EventRounds "9"]
[EventCountry "GER"]
[SourceTitle "GER"]
[Source "ChessBase"]
[SourceDate "1999.07.01"]
[SourceVersion "1"]
[SourceVersionDate "1999.07.01"]
[SourceQuality "1"]

1. Nf3 Nf6 2. g3 d5 3. Bg2 g6 4. 0-0 Bg7 5. d3 0-0 6. Nbd2 c6 7. e4 dxe4 8. dxe4 Na6 9. e5 Nd5 10. Qe2 Nc5 11. Rd1 Qc7 12. Nc4 Bg4 13. h3 Bxf3 14. Bxf3 Nb6 15. Re1 Ne6 16. Nxb6 axb6 17. Bg4 Nd4 18. Qe4 c5 19. Bf4 Qc6 20. c3 Qxe4 21. Rxe4 Nc6 22. Be2 e6 23. a4 Rfd8 24. Bb5 h6 25. h4 Rd5 26. Rae1 Rad8 27. Kf1 Rd1 28. Bxc6 bxc6 29. Rxd1 Rxd1+ 30. Ke2 Rd5 31. b4 cxb4 32. cxb4 g5 33. hxg5 hxg5 34. Be3 c5 35. bxc5 bxc5 36. Rc4 Bf8 37. a5 Rd7 38. Bxg5 Ra7 39. Ra4 Ra6 40. Kd3 Bg7 41. f4 Kf8 42. Kc4 Ke8 43. Kb5 Ra8 44. Kc6 Rc8+ 45. Kb7 Kd7 46. a6 Rc7+ 47. Kb6 Rc6+ 48. Kb5 Rc8 49. a7 Ra8 50. Kb6 Ke8 51. Ra1 1-0